Применение ультразвукового поля, возникающего при торможении пучка протонов в воде; Приборы и техника эксперимента; № 4

Detalles Bibliográficos
Parent link:Приборы и техника эксперимента/ Российская академия наук.— , 1956-.— 0032-8162
№ 4.— 2004.— с. 89-93
Outros autores: Албул В. И., Бчков В. Б., Васильев С. С., Гусев К. Е., Демидов В. С., Демидова Е. В., Краснов Н. К., Курчанов А. Ф., Лукьяшин В. Е., Соколов А. Ю.
Idioma:ruso
Publicado: 2004
Series:Общая экспериментальная техника
Subjects:
Formato: Capítulo de libro
KOHA link:https://koha.lib.tpu.ru/cgi-bin/koha/opac-detail.pl?biblionumber=427376

MARC

LEADER 00000naa2a2200000 4500
001 427376
005 20231101074636.0
035 |a (RuTPU)RU\TPU\prd\86543 
035 |a RU\TPU\prd\38554 
090 |a 427376 
100 |a 20100908a2004 k y0rusy50 ca 
101 0 |a rus 
102 |a RU 
200 1 |a Применение ультразвукового поля, возникающего при торможении пучка протонов в воде  |f В. И. Албул, В. Б. Бчков, С. С. Васильев и др. 
225 1 |a Общая экспериментальная техника 
320 |a Библиогр.: 16 назв. 
461 0 |0 (RuTPU)RU\TPU\prd\300  |x 0032-8162  |t Приборы и техника эксперимента  |f Российская академия наук  |d 1956- 
463 0 |0 (RuTPU)RU\TPU\prd\86528  |t № 4  |v с. 89-93  |d 2004 
610 1 |a ультразвуковое поле 
610 1 |a протоны 
610 1 |a вода 
610 1 |a торможение 
610 1 |a ускорители 
610 1 |a сканирующие устройства 
610 1 |a приемники 
701 1 |a Албул  |b В. И. 
701 1 |a Бчков  |b В. Б. 
701 1 |a Васильев  |b С. С. 
701 1 |a Гусев  |b К. Е. 
701 1 |a Демидов  |b В. С. 
701 1 |a Демидова  |b Е. В. 
701 1 |a Краснов  |b Н. К. 
701 1 |a Курчанов  |b А. Ф. 
701 1 |a Лукьяшин  |b В. Е. 
701 1 |a Соколов  |b А. Ю. 
801 1 |a RU  |b 63413507  |c 20050929  |g PSBO 
801 2 |a RU  |b 63413507  |c 20100909  |g RCR 
942 |c BK